5HLuxD.jpg

KING HENRY VIII SENIOR AND PRIMARY SCHOOL LIBRARY OPAC

King Richard II / (Record no. 2889)

000 -LEADER
fixed length control field 01747nam a2200313 a 4500
001 - CONTROL NUMBER
control field 015306278
003 - CONTROL NUMBER IDENTIFIER
control field UkOxU
005 - DATE AND TIME OF LATEST TRANSACTION
control field 20230911080658.0
008 - FIXED-LENGTH DATA ELEMENTS--GENERAL INFORMATION
fixed length control field 010928s2002 enkoa b 000 0 eng d
015 ## - NATIONAL BIBLIOGRAPHY NUMBER
National bibliography number GB A1-V1733
020 ## - INTERNATIONAL STANDARD BOOK NUMBER
International Standard Book Number 190343632X
020 ## - INTERNATIONAL STANDARD BOOK NUMBER
International Standard Book Number 1903436338 (pbk.)
020 ## - INTERNATIONAL STANDARD BOOK NUMBER
International Standard Book Number 9781903436332
035 ## - SYSTEM CONTROL NUMBER
System control number BNB2662.3428
035 ## - SYSTEM CONTROL NUMBER
System control number (OCoLC)50727899
040 ## - CATALOGING SOURCE
Original cataloging agency BDS
Transcribing agency KH8
082 0# - DEWEY DECIMAL CLASSIFICATION NUMBER
Classification number 822.33 SHA
Edition number 21
100 1# - MAIN ENTRY--PERSONAL NAME
Personal name Shakespeare, William,
Dates associated with a name 1564-1616.
Relator term author.
240 10 - UNIFORM TITLE
Uniform title King Richard II
245 10 - TITLE STATEMENT
Title King Richard II /
Statement of responsibility, etc. edited by Charles R. Forker.
260 ## - PUBLICATION, DISTRIBUTION, ETC.
Place of publication, distribution, etc. London :
Name of publisher, distributor, etc. Arden Shakespeare,
Date of publication, distribution, etc. 2002.
300 ## - PHYSICAL DESCRIPTION
Extent xviii, 593 p. :
Other physical details ill. ;
Dimensions 21 cm.
490 1# - SERIES STATEMENT
Series statement Arden Shakespeare. 3rd series.
500 ## - GENERAL NOTE
General note Previous ed.: London: Athlone, 1998
520 ## - SUMMARY, ETC.
Summary, etc. This richly annotated edition takes a fresh look at the first part of Shakespeare's second tetralogy of history plays, showing how it relates to the other plays in the sequence. Forker places the play in its political context, discussing its relation to competing theories of monarchy, looking at how it faced censorship because of possible comparisons between Richard II and Elizabeth I, and how Bolingbroke's rebellion could be compared to the Essex rising of the time. This edition also reconsiders Shakespeare's use of sources, asking why he chose to emphasise one approach over another. Forker also looks at the play's rich afterlife, and the many interpretations that actors and directors have taken. Finally, the edition looks closely at the aesthetic relationship between language, character, structure and political import.
700 1# - ADDED ENTRY--PERSONAL NAME
Personal name Forker, Charles R,
Relator term editor.
800 1# - SERIES ADDED ENTRY--PERSONAL NAME
Personal name Shakespeare, William,
Dates associated with a name 1564-1616.
Title of a work Works.
Date of a work 1995.
942 ## - ADDED ENTRY ELEMENTS (KOHA)
Source of classification or shelving scheme
Koha item type Teaching Resources
Holdings
Withdrawn status Lost status Source of classification or shelving scheme Damaged status Not for loan Collection code Permanent Location Current Location Shelving location Date acquired Full call number Barcode Date last seen Price effective from Koha item type
          Teaching Resources KH8 Senior School Library KH8 Senior School Library Staff Office 2023-09-11 822.33 SHA TRKHSL002572 2023-09-11 2023-09-11 Teaching Resources
          Teaching Resources KH8 Senior School Library KH8 Senior School Library Staff Office 2023-09-11 822.33 SHA TRKHSL002573 2023-09-11 2023-09-11 Teaching Resources
          Teaching Resources KH8 Senior School Library KH8 Senior School Library Staff Office 2023-09-11 822.33 SHA TRKHSL002574 2023-09-11 2023-09-11 Teaching Resources
          Teaching Resources KH8 Senior School Library KH8 Senior School Library Staff Office 2023-09-11 822.33 SHA TRKHSL002575 2023-09-11 2023-09-11 Teaching Resources
          Teaching Resources KH8 Senior School Library KH8 Senior School Library Staff Office 2023-09-11 822.33 SHA TRKHSL002576 2023-09-11 2023-09-11 Teaching Resources

Powered By KH8 IT Dept